| 000 | 01341nam a22002657a 4500 | ||
|---|---|---|---|
| 999 |
_c13077 _d13077 |
||
| 005 | 20251125232839.0 | ||
| 008 | s2547 th tha d | ||
| 020 | _a9749197070 | ||
| 040 | _aNALT | ||
| 041 | _atha | ||
| 050 | _aDS578.3 ล285ส 2547 | ||
| 100 | 0 | _aลาวัณย์ โชตามระ | |
| 245 | 1 | 0 | _aสี่เจ้าฟ้า |
| 260 | 3 |
_aกรุงเทพฯ : _bโรงพิมพ์กรุงเทพ, _c2547 |
|
| 300 |
_a192 หน้า : _b ภาพประกอบ ; _c 21 ซม. |
||
| 650 | 0 | 4 | _aจุฬาภรณวลัยลักษณ์ อัครราชกุมารี, สมเด็จฯ เจ้าฟ้า, 2500-- |
| 650 | 0 | 4 | _aวชิราลงกรณ สยามมกุฎราชกุมาร, สมเด็จพระบรมโอรสาธิราช เจ้าฟ้ามหา, 2495-- |
| 650 | 0 | 4 | _aอุบลรัตนราชกัญญา, สมเด็จเจ้าฟ้า |
| 650 | 0 | 4 | _aเทพรัตนราชสุดาฯ สยามบรมราชกุมารี, สมเด็จพระ, 2498-- |
| 700 | 0 | _aลาวัณย์ โชตามระ | |
| 850 | _aNALT | ||
| 856 | 4 | 0 |
_uhttps://hdl.handle.net/20.500.14156/386223 _71 |
| 942 |
_cGB _2lcc |
||